00944nam a2200229 a 450000100100000000500170001000800410002704000250006808200210009310000370011424501080015126000670025930000200032649000240034665000510037065000480042165000370046983000310050691000370053795201230057499900170069700003629720200930075643.0120112s1988 dr 000 p spa d aDO-SdBNPbspacBNPHU aPr863. 44bF314i1 aFeliciano Mendoza, Ester.91424510aIslamar :bpoemas y cuentos /cEster Feliciano Mendoza ; portada e ilustraciones de Ana Victoria Vidal. aSanto Domingo :bInstituto de Cultura Puertorriqueña,c1988. a96 p. ;c27 cm.1 aLiteratura infantil 4aCuentos puertoriqueños .xColecciones962431 4aPoesía puertoriqueñaxCoecciones962432 4aLiteratura puertoriqueña96540 0aLiteratura infantil962433 aValidado. Control de calidad MFF 0010718CIJ-PDaPDbBNPHUcHDd2012-01-12iLF1l0oPr863. 44 F314ip36298-10r2020-06-25w2020-06-25y1ZNo se presta c35788d35788